[Event "Jack Taylor mem Online"]
[Site "chess.com"]
[Date "2020.10.25"]
[Round "4.5"]
[White "Fraser, Dylan"]
[Black "Mok, Gillian"]
[Result "1-0"]
[WhiteElo "1825"]
[BlackElo "1524"]
[PlyCount "33"]
[EventDate "2020.10.24"]
[EventType "swiss (rapid)"]
[EventRounds "6"]
[EventCountry "CAN"]

1. d4 Nf6 2. Bg5 g6 3. Nf3 Bg7 4. e3 d5 5. Bxf6 Bxf6 6. Bd3 Nc6 7. c3 Bg7 8. h3
Bd7 9. Nbd2 a5 10. Qc2 Rb8 11. h4 b5 12. h5 b4 13. hxg6 fxg6 14. Bxg6+ hxg6 15.
Qxg6+ Kf8 16. Rxh8+ Bxh8 17. Ng5 1-0

[Event "Jack Taylor mem Online"]
[Site "chess.com"]
[Date "2020.10.25"]
[Round "4.6"]
[White "Sullivan, Brian"]
[Black "Luu, Tran Nguyen Khoi"]
[Result "0-1"]
[WhiteElo "1335"]
[BlackElo "1776"]
[PlyCount "62"]
[EventDate "2020.10.24"]
[EventType "swiss (rapid)"]
[EventRounds "6"]
[EventCountry "CAN"]

1. d4 Nf6 2. c4 e6 3. Nf3 d5 4. Nc3 Bb4 5. e3 O-O 6. Bd3 b6 7. O-O Bb7 8. a3
Bxc3 9. bxc3 Nc6 10. cxd5 exd5 11. Qc2 Na5 12. Ng5 h6 13. Nh7 Re8 14. Nxf6+
Qxf6 15. f3 c5 16. Bf5 Bc8 17. e4 Bxf5 18. exf5 cxd4 19. Bb2 Rac8 20. Rfe1
Rxe1+ 21. Rxe1 dxc3 22. Bc1 Nc4 23. g4 Ne5 24. Qe2 Nc4 25. a4 d4 26. Bf4 Nb2
27. Qb5 d3 28. Be5 Qc6 29. Qxc6 Rxc6 30. f4 d2 31. Rf1 d1=Q 0-1

[Event "Jack Taylor mem Online"]
[Site "chess.com"]
[Date "2020.10.25"]
[Round "4.7"]
[White "Zhou, Alex"]
[Black "Hughes-Dupuy, Henry"]
[Result "1/2-1/2"]
[WhiteElo "1232"]
[BlackElo "1735"]
[PlyCount "87"]
[EventDate "2020.10.24"]
[EventType "swiss (rapid)"]
[EventRounds "6"]
[EventCountry "CAN"]

1. e4 Nc6 2. d4 d5 3. e5 Bf5 4. c3 f6 5. Nf3 fxe5 6. dxe5 e6 7. Bd3 Nge7 8. Bg5
Qd7 9. O-O O-O-O 10. Bxf5 exf5 11. Nbd2 h6 12. Bxe7 Bxe7 13. Nb3 g5 14. Nbd4
Nxd4 15. cxd4 Qe6 16. Rc1 Kb8 17. Qb3 g4 18. Ne1 f4 19. f3 g3 20. h3 h5 21. Qc3
Qb6 22. Nd3 Rh6 23. a3 Rc6 24. Nc5 Bxc5 25. dxc5 Qb5 26. Qd4 Qe2 27. Rfe1 Qf2+
28. Qxf2 gxf2+ 29. Kxf2 Re6 30. g3 fxg3+ 31. Kxg3 Rg8+ 32. Kf2 h4 33. Rc2 Rg3
34. f4 Rxh3 35. Rcc1 Kc8 36. Rh1 Rxh1 37. Rxh1 Rh6 38. Kf3 h3 39. Rh2 Kd7 40.
f5 d4 41. b4 c6 42. Ke4 Rh4+ 43. Kd3 a6 44. a4 1/2-1/2

[Event "Jack Taylor mem Online"]
[Site "chess.com"]
[Date "2020.10.25"]
[Round "4.8"]
[White "Qiu, Andrew Yu"]
[Black "Leong, Aiden"]
[Result "1-0"]
[WhiteElo "1662"]
[BlackElo "1251"]
[PlyCount "71"]
[EventDate "2020.10.24"]
[EventType "swiss (rapid)"]
[EventRounds "6"]
[EventCountry "CAN"]

1. e4 Nf6 2. Nc3 d5 3. e5 Nfd7 4. d4 e6 5. Nf3 c5 6. Be3 Qb6 7. Rb1 Nc6 8. Na4
Qa5+ 9. c3 c4 10. b4 cxb3 11. Qxb3 a6 12. Be2 b5 13. Nb2 Ba3 14. Nd3 O-O 15.
O-O Rb8 16. Nf4 Nb6 17. Qc2 h6 18. Nh5 Be7 19. Qd2 g6 20. Nf6+ Bxf6 21. exf6 g5
22. Bxg5 Nc4 23. Bxc4 dxc4 24. Bxh6 b4 25. Ne5 Nxe5 26. Qg5+ Ng6 27. Qxa5 b3
28. axb3 cxb3 29. Bg7 Rb5 30. Qa3 Rd8 31. Rxb3 Rxb3 32. Qxb3 Bd7 33. Qd1 a5 34.
Qh5 a4 35. Qh6 a3 36. Bh8 1-0

[Event "Jack Taylor mem Online"]
[Site "chess.com"]
[Date "2020.10.25"]
[Round "4.9"]
[White "Jayawardena, Dinusha"]
[Black "Spasojevic, Luka"]
[Result "1-0"]
[WhiteElo "1601"]
[BlackElo "1266"]
[PlyCount "69"]
[EventDate "2020.10.24"]
[EventType "swiss (rapid)"]
[EventRounds "6"]
[EventCountry "CAN"]

1. d4 Nf6 2. Bg5 e6 3. Nf3 Be7 4. Nc3 d5 5. e3 h6 6. Bf4 c6 7. Bd3 Nbd7 8. O-O
O-O 9. h3 Qb6 10. a3 a6 11. b4 Re8 12. Na4 Qd8 13. Nc5 Nxc5 14. bxc5 Qa5 15.
Ne5 Nd7 16. Qg4 Nf6 17. Qf3 Qd8 18. c4 a5 19. Rab1 Ra7 20. Rb2 Bf8 21. Rfb1 Qe7
22. g4 Nd7 23. Nxd7 Qxd7 24. cxd5 exd5 25. Bb8 Ra8 26. Bf5 Qe7 27. Bxc8 Rxc8
28. Rxb7 Qe6 29. Qf5 Qe8 30. Bg3 g6 31. Qd7 Bg7 32. R1b6 Qxd7 33. Rxd7 Bf6 34.
Rbb7 Rf8 35. Bd6 1-0

[Event "Jack Taylor mem Online"]
[Site "chess.com"]
[Date "2020.10.25"]
[Round "4.10"]
[White "Monkhouse, Neale"]
[Black "O'Connor-Richardson, Darien"]
[Result "0-1"]
[WhiteElo "1547"]
[BlackElo "1082"]
[PlyCount "82"]
[EventDate "2020.10.24"]
[EventType "swiss (rapid)"]
[EventRounds "6"]
[EventCountry "CAN"]

1. e4 c5 2. Nc3 Nc6 3. g3 g6 4. Bg2 Bg7 5. Nge2 d6 6. O-O Bg4 7. h3 Bd7 8. d3
e6 9. Be3 Nge7 10. Qd2 Nd4 11. Rab1 e5 12. f4 O-O 13. Nd1 Nec6 14. c3 Nxe2+ 15.
Qxe2 f5 16. Nf2 Be6 17. a3 Rb8 18. b4 b6 19. exf5 exf4 20. Bxf4 Bd7 21. Bd5+
Kh8 22. fxg6 Ne5 23. gxh7 Qc7 24. Kh2 Rbe8 25. Ne4 Qc8 26. g4 cxb4 27. cxb4
Nxg4+ 28. hxg4 Bxg4 29. Qg2 Qf5 30. Ng3 Qxh7+ 31. Kg1 Bd4+ 32. Rf2 Rxf4 33.
Rbf1 Rxf2 34. Rxf2 Bxf2+ 35. Qxf2 Qg7 36. Be4 Qa1+ 37. Kh2 Kg7 38. Qd2 Rh8+ 39.
Kg2 Bh3+ 40. Kf3 Rf8+ 41. Ke2 Bg4+ 0-1

[Event "Jack Taylor mem Online"]
[Site "chess.com"]
[Date "2020.10.25"]
[Round "5.1"]
[White "Imoo, Joshua"]
[Black "Pillai, Varun"]
[Result "1-0"]
[WhiteElo "1537"]
[BlackElo "1087"]
[PlyCount "153"]
[EventDate "2020.10.24"]
[EventType "swiss (rapid)"]
[EventRounds "6"]
[EventCountry "CAN"]

1. e4 e6 2. d3 d5 3. Nd2 Nf6 4. Ngf3 Nc6 5. g3 Bc5 6. Bg2 b6 7. O-O Bb7 8. c3
Qd7 9. e5 Ng4 10. d4 Be7 11. Re1 f6 12. Nh4 Nh6 13. exf6 Bxf6 14. Bh3 Nd8 15.
Qh5+ Qf7 16. Qxf7+ Nhxf7 17. Bxe6 Nxe6 18. Rxe6+ Kd7 19. Re1 Rhe8 20. Rxe8 Rxe8
21. Ndf3 Kc8 22. Be3 Kb8 23. Ng2 h6 24. Re1 g5 25. g4 Rh8 26. Bd2 Bc8 27. h3 h5
28. Ne3 hxg4 29. hxg4 Nd6 30. Ne5 Bxe5 31. dxe5 Ne4 32. Bc1 Nc5 33. Rd1 Re8 34.
Nxd5 Bxg4 35. Nf6 Bxd1 36. Nxe8 Nd3 37. Bxg5 Nxb2 38. e6 Kc8 39. e7 Ba4 40. Ng7
a5 41. e8=Q+ Bxe8 42. Nxe8 Kd7 43. Nf6+ Ke6 44. f4 Kf5 45. Nd5 Nc4 46. Nxc7 a4
47. Nd5 b5 48. Kf2 Nd2 49. Ne3+ Ke6 50. f5+ Kf7 51. Bh4 Ne4+ 52. Kf3 Nxc3 53.
a3 Nb1 54. Nc2 Nd2+ 55. Kf4 Nc4 56. Be1 Kf6 57. Bb4 Kf7 58. Nd4 Nb2 59. Nxb5
Nd3+ 60. Ke4 Nxb4 61. axb4 Kf6 62. Na3 Ke7 63. Ke5 Kd7 64. f6 Ke8 65. Ke6 Kf8
66. f7 Kg7 67. Ke7 Kg6 68. f8=Q Kg5 69. Qf6+ Kg4 70. Ke6 Kg3 71. Qf5 Kg2 72.
Qf4 Kg1 73. Qd2 Kf1 74. Kf5 Kg1 75. Kf4 Kf1 76. Kf3 Kg1 77. Qg2# 1-0

[Event "Jack Taylor mem Online"]
[Site "chess.com"]
[Date "2020.10.25"]
[Round "5.2"]
[White "Pitre, Hanniegn"]
[Black "Jayawardena, Dinusha"]
[Result "1/2-1/2"]
[WhiteElo "1864"]
[BlackElo "1601"]
[PlyCount "52"]
[EventDate "2020.10.24"]
[EventType "swiss (rapid)"]
[EventRounds "6"]
[EventCountry "CAN"]

1. e4 c6 2. d4 d5 3. Nc3 dxe4 4. Nxe4 Bf5 5. Ng3 Bg6 6. Nf3 Nf6 7. Be2 Nbd7 8.
O-O e6 9. c4 Qc7 10. Bd2 Be7 11. Rc1 O-O 12. Bc3 Rfd8 13. Nh4 c5 14. d5 exd5
15. Nhf5 Nb6 16. cxd5 Nbxd5 17. Qb3 Nxc3 18. Qxc3 Bd6 19. Nxd6 Rxd6 20. Bf3
Rad8 21. Qxc5 Qxc5 22. Rxc5 Rd2 23. Rfc1 Rxb2 24. Rc8 Rbd2 25. Rxd8+ Rxd8 26.
Bxb7 h5 1/2-1/2

[Event "Jack Taylor mem Online"]
[Site "chess.com"]
[Date "2020.10.25"]
[Round "5.3"]
[White "Sleypen, Curtis"]
[Black "Fraser, Dylan"]
[Result "0-1"]
[WhiteElo "1570"]
[BlackElo "1825"]
[PlyCount "84"]
[EventDate "2020.10.24"]
[EventType "swiss (rapid)"]
[EventRounds "6"]
[EventCountry "CAN"]

1. d4 e5 2. e3 exd4 3. exd4 d5 4. Nc3 Be6 5. Nf3 Nf6 6. Bg5 Be7 7. Bd3 Qd6 8.
h3 Nbd7 9. Qe2 a6 10. a3 Qb6 11. b3 h6 12. Bf4 g5 13. Bh2 g4 14. Ne5 Nxe5 15.
Bxe5 gxh3 16. gxh3 O-O-O 17. Qf3 Bd7 18. Kd1 Rhg8 19. Re1 Rde8 20. b4 Qc6 21.
Bf5 Bxf5 22. Qxf5+ Kb8 23. Qf3 Ne4 24. Nxe4 dxe4 25. Qxe4 Qc3 26. d5 Qxh3 27.
Rh1 Qd7 28. Qc4 Bg5 29. Re1 f6 30. Bg3 Rxe1+ 31. Kxe1 Re8+ 32. Kf1 h5 33. a4 h4
34. Bh2 Qh3+ 35. Kg1 Bf4 36. Qxf4 Rg8+ 37. Bg3 hxg3 38. Qf3 Qh2+ 39. Kf1 g2+
40. Ke2 g1=Q 41. Rxg1 Qxg1 42. Qxf6 Qg4+ 0-1

[Event "Jack Taylor mem Online"]
[Site "chess.com"]
[Date "2020.10.25"]
[Round "5.4"]
[White "Luu, Tran Nguyen Khoi"]
[Black "Pangilinan, Emmanuel"]
[Result "1/2-1/2"]
[WhiteElo "1776"]
[BlackElo "1531"]
[PlyCount "103"]
[EventDate "2020.10.24"]
[EventType "swiss (rapid)"]
[EventRounds "6"]
[EventCountry "CAN"]

1. d4 d5 2. c4 e6 3. Nc3 f5 4. Nf3 c6 5. g3 Bd6 6. Bg2 Nf6 7. O-O O-O 8. Qc2
Ne4 9. Rb1 Nd7 10. b4 a6 11. c5 Bc7 12. Bf4 Bxf4 13. gxf4 Rf6 14. a4 Rh6 15. b5
a5 16. Na2 Qe8 17. Nc1 Qh5 18. Nd3 g5 19. Rfd1 g4 20. Nfe5 Qxh2+ 21. Kf1 Nxe5
22. fxe5 Bd7 23. Qc1 Rf8 24. e3 g3 25. f4 Be8 26. bxc6 bxc6 27. Rb2 Qh4 28. Ne1
Bh5 29. Nf3 Qg4 30. Ke2 Nf2 31. Rg1 Rg6 32. Rb6 Rc8 33. Qe1 Rg7 34. Qxa5 Qg6
35. Qc3 Qe8 36. a5 Ra8 37. a6 Qc8 38. Ra1 Rga7 39. Qa5 Qe8 40. Qa4 Ne4 41. Qxc6
Qxc6 42. Rxc6 Be8 43. Rxe6 Bb5+ 44. Ke1 Bxa6 45. Nd2 Bd3 46. Rd1 Ra2 47. c6 Nf2
48. Rc1 Ra1 49. Nb3 R1a2 50. Nd2 Ra1 51. Nb3 R1a2 52. Nd2 1/2-1/2

[Event "Jack Taylor mem Online"]
[Site "chess.com"]
[Date "2020.10.25"]
[Round "5.5"]
[White "O'Connor-Richardson, Darien"]
[Black "Qiu, Andrew Yu"]
[Result "1-0"]
[WhiteElo "1082"]
[BlackElo "1662"]
[PlyCount "139"]
[EventDate "2020.10.24"]
[EventType "swiss (rapid)"]
[EventRounds "6"]
[EventCountry "CAN"]

1. e4 e5 2. Nc3 Nc6 3. f4 d6 4. Nf3 Nf6 5. Bb5 Bd7 6. d3 exf4 7. Bxf4 Be7 8.
O-O a6 9. Bxc6 Bxc6 10. Nd4 Bd7 11. h3 O-O 12. Qf3 Re8 13. Rf2 Bf8 14. Raf1 c5
15. Nde2 b5 16. Bg5 Be6 17. Nd5 Bxd5 18. exd5 Ra7 19. Qg3 Kh8 20. Bxf6 gxf6 21.
Nf4 Bh6 22. Qh4 Bg5 23. Qg4 Rg8 24. Qf3 Re7 25. Nh5 Re3 26. Qd1 Rg6 27. Rf3 Qg8
28. Kh1 Qd8 29. Rxe3 Bxe3 30. Qf3 Bd4 31. c3 Be5 32. Qf2 Qg8 33. d4 cxd4 34.
cxd4 Bg3 35. Nxg3 Rxg3 36. Qxf6+ Qg7 37. Qd8+ Qg8 38. Qxd6 Rxg2 39. Qe5+ Rg7
40. Rg1 h6 41. Rxg7 Qxg7 42. Qxg7+ Kxg7 43. Kg2 Kf6 44. Kf3 Ke7 45. Ke4 Kd6 46.
b4 f6 47. h4 f5+ 48. Kxf5 Kxd5 49. Kg6 Kxd4 50. Kxh6 Kc4 51. a3 Kb3 52. Kg6
Kxa3 53. h5 Kxb4 54. h6 a5 55. h7 Kb3 56. h8=Q a4 57. Qh3+ Kb2 58. Qd7 b4 59.
Qxa4 b3 60. Kf5 Kc3 61. Qa1+ b2 62. Qa2 Kc2 63. Qc4+ Kd2 64. Qb3 Kc1 65. Qc3+
Kb1 66. Ke4 Ka2 67. Qc2 Ka1 68. Qa4+ Kb1 69. Kd3 Kc1 70. Qc2# 1-0

[Event "Jack Taylor mem Online"]
[Site "chess.com"]
[Date "2020.10.25"]
[Round "5.6"]
[White "Hughes-Dupuy, Henry"]
[Black "Zhang, Joyce"]
[Result "1-0"]
[WhiteElo "1735"]
[BlackElo "1383"]
[PlyCount "115"]
[EventDate "2020.10.24"]
[EventType "swiss (rapid)"]
[EventRounds "6"]
[EventCountry "CAN"]

1. b3 d5 2. Bb2 c5 3. e3 Nc6 4. Nf3 Nf6 5. Bb5 Qc7 6. O-O a6 7. Bxc6+ Qxc6 8.
d4 e6 9. Nbd2 Be7 10. c4 Qd7 11. Ne5 Qc7 12. Rc1 b6 13. Ndf3 O-O 14. h3 Bb7 15.
Qe2 Ne4 16. Nd2 f6 17. Nd3 Rac8 18. Nxe4 dxe4 19. Nf4 Qc6 20. d5 exd5 21. Nxd5
Qe6 22. Rcd1 Rfd8 23. Nf4 Qf7 24. Qg4 f5 25. Qg3 h6 26. Ng6 Bf6 27. Bxf6 Qxf6
28. Rxd8+ Qxd8 29. Qe5 Kf7 30. Qxf5+ Qf6 31. Ne5+ Kg8 32. Qxf6 gxf6 33. Ng6 Kf7
34. Nf4 Rd8 35. Kh2 Rd2 36. a4 Rb2 37. Rd1 Ke7 38. Ng6+ Ke6 39. Nf8+ Kf5 40.
Rd6 Rxb3 41. g4+ Kg5 42. Kg3 h5 43. h4+ Kh6 44. g5+ Kg7 45. Ne6+ Kg8 46. g6 Rd3
47. Rxb6 Rd7 48. Nxc5 Rg7 49. Rxb7 Rxg6+ 50. Kh3 f5 51. Ra7 Rc6 52. Nxa6 Rxc4
53. Nc7 Rc2 54. Kg3 Kf7 55. Nb5+ Kf6 56. Ra6+ Kg7 57. Nd4 Kf8 58. Nxc2 1-0

[Event "Jack Taylor mem Online"]
[Site "chess.com"]
[Date "2020.10.25"]
[Round "5.7"]
[White "Koukpari, Tiam"]
[Black "Zheng, Yawen"]
[Result "1-0"]
[WhiteElo "1700"]
[BlackElo "1256"]
[PlyCount "73"]
[EventDate "2020.10.24"]
[EventType "swiss (rapid)"]
[EventRounds "6"]
[EventCountry "CAN"]

1. d4 d5 2. Bf4 e6 3. Nf3 Nf6 4. e3 Be7 5. Nbd2 O-O 6. c4 Nc6 7. Be2 b6 8. a3
a5 9. O-O Bb7 10. h3 Bd6 11. Bxd6 Qxd6 12. cxd5 Nxd5 13. Bb5 Nce7 14. Nc4 Qd8
15. Nce5 c6 16. Bd3 Nf6 17. Qc2 h6 18. Rfc1 Rc8 19. b4 Qd6 20. Rab1 Rc7 21. Nc4
Qd5 22. Nxb6 Qh5 23. Qc5 axb4 24. axb4 Ned5 25. Nxd5 Nxd5 26. Bh7+ Kxh7 27.
Qxf8 Re7 28. Ne5 Qg5 29. Nf3 Qg6 30. Ne5 Qg5 31. Nxf7 Qf6 32. Qh8+ Kg6 33. Ne5+
Kh5 34. g4+ Kh4 35. Qh7 Kxh3 36. Qe4 c5 37. Qh1# 1-0

[Event "Jack Taylor mem Online"]
[Site "chess.com"]
[Date "2020.10.25"]
[Round "5.8"]
[White "Yang, Henry"]
[Black "Zhou, Alex"]
[Result "0-1"]
[WhiteElo "1442"]
[BlackElo "1232"]
[PlyCount "46"]
[EventDate "2020.10.24"]
[EventType "swiss (rapid)"]
[EventRounds "6"]
[EventCountry "CAN"]

1. d4 d5 2. c4 c6 3. Nf3 Nf6 4. e3 e6 5. b3 Be7 6. Bd3 O-O 7. O-O c5 8. dxc5
Na6 9. Bb2 Nxc5 10. Be2 b6 11. Nc3 dxc4 12. Bxc4 a6 13. a4 Qc7 14. Qc2 Bb7 15.
Rfd1 Ng4 16. h3 Bxf3 17. hxg4 Bxd1 18. Rxd1 Rfd8 19. Rxd8+ Rxd8 20. Ne2 Nxa4
21. bxa4 Rc8 22. f3 Qxc4 23. Qd1 Rd8 0-1

[Event "Jack Taylor mem Online"]
[Site "chess.com"]
[Date "2020.10.25"]
[Round "5.9"]
[White "Haines, Duncan"]
[Black "Deimert, Elroy"]
[Result "1-0"]
[WhiteElo "1875"]
[BlackElo "1384"]
[PlyCount "69"]
[EventDate "2020.10.24"]
[EventType "swiss (rapid)"]
[EventRounds "6"]
[EventCountry "CAN"]

1. d4 Nf6 2. c4 e5 3. dxe5 Ng4 4. Bf4 Nc6 5. Nf3 Bb4+ 6. Nc3 Bxc3+ 7. bxc3 Qe7
8. Qd5 Qa3 9. Qd3 Qc5 10. e3 Ngxe5 11. Nxe5 Nxe5 12. Qd4 Qxd4 13. cxd4 Nc6 14.
Bxc7 Nb4 15. Kd2 d5 16. c5 O-O 17. Be2 f6 18. Bf3 Be6 19. Rab1 Nxa2 20. Rb2 a5
21. Rxa2 a4 22. Rha1 b5 23. cxb6 Rfc8 24. Rxa4 Rxa4 25. Rxa4 Bd7 26. Bxd5+ Kf8
27. Ra8 Rxa8 28. Bxa8 Bc8 29. b7 Bxb7 30. Bxb7 Ke7 31. Bc6 h5 32. d5 g5 33. d6+
Ke6 34. d7 h4 35. d8=Q 1-0

[Event "Jack Taylor mem Online"]
[Site "chess.com"]
[Date "2020.10.25"]
[Round "5.10"]
[White "Caluza, Severo (Juni)"]
[Black "Qiu, Peter Yong"]
[Result "0-1"]
[WhiteElo "1835"]
[BlackElo "1358"]
[PlyCount "50"]
[EventDate "2020.10.24"]
[EventType "swiss (rapid)"]
[EventRounds "6"]
[EventCountry "CAN"]

1. g3 d5 2. Bg2 Nf6 3. d3 e5 4. c4 c6 5. cxd5 cxd5 6. Nf3 Nc6 7. O-O Be7 8. a3
a5 9. Nc3 O-O 10. Bg5 Be6 11. d4 e4 12. Ne5 h6 13. Bxf6 Bxf6 14. Nxc6 bxc6 15.
b4 axb4 16. Na4 bxa3 17. Rxa3 c5 18. dxc5 Qa5 19. Qc2 Rfb8 20. Rb1 Rb4 21. Rxb4
Qxb4 22. Rb3 Qxa4 23. Rb8+ Rxb8 24. Qxa4 Rb1+ 25. Bf1 Bh3 0-1

[Event "Jack Taylor mem Online"]
[Site "chess.com"]
[Date "2020.10.25"]
[Round "6.1"]
[White "Fraser, Dylan"]
[Black "Imoo, Joshua"]
[Result "0-1"]
[WhiteElo "1825"]
[BlackElo "1537"]
[PlyCount "42"]
[EventDate "2020.10.24"]
[EventType "swiss (rapid)"]
[EventRounds "6"]
[EventCountry "CAN"]

1. d4 d5 2. Bg5 Nf6 3. Bxf6 exf6 4. e3 g6 5. Nf3 Bg7 6. Bd3 O-O 7. Nbd2 Nd7 8.
c3 Re8 9. Qc2 c5 10. O-O-O c4 11. Be2 Nb6 12. h4 Bf5 13. e4 dxe4 14. Nxe4 Bh6+
15. Nfg5 fxg5 16. f3 gxh4+ 17. Kb1 Nd5 18. Rdg1 Ne3 19. Qd2 Rxe4 20. fxe4 Bxe4+
21. Kc1 Nf5 0-1

[Event "Jack Taylor mem Online"]
[Site "chess.com"]
[Date "2020.10.25"]
[Round "6.2"]
[White "Pillai, Varun"]
[Black "O'Connor-Richardson, Darien"]
[Result "1/2-1/2"]
[WhiteElo "1087"]
[BlackElo "1082"]
[PlyCount "105"]
[EventDate "2020.10.24"]
[EventType "swiss (rapid)"]
[EventRounds "6"]
[EventCountry "CAN"]

1. e4 c5 2. Nf3 Nc6 3. d4 cxd4 4. Nxd4 Nf6 5. Nc3 e5 6. Nf3 Bb4 7. Bd2 a6 8. a3
Bxc3 9. Bxc3 Nxe4 10. Nxe5 Nxe5 11. Qd4 Nxc3 12. Qxe5+ Qe7 13. Qxe7+ Kxe7 14.
bxc3 d6 15. Bd3 Be6 16. O-O Rhc8 17. Rfb1 Ra7 18. a4 Rxc3 19. a5 g6 20. Be4 f5
21. Bxb7 Rxc2 22. Rb6 Bc8 23. Re1+ Kd7 24. Bd5 Rc5 25. Bg8 Rxa5 26. Rd1 Kc7 27.
Rbxd6 Ra1 28. Bxh7 g5 29. Rxa1 Kxd6 30. Rd1+ Ke5 31. Bg8 a5 32. Kf1 Bb7 33. Ra1
a4 34. h3 a3 35. g3 Kd4 36. Ke2 Be4 37. Kd2 Bd5 38. Bxd5 Kxd5 39. Kc2 Ke4 40.
Ra2 Kf3 41. Kb3 Kg2 42. h4 gxh4 43. gxh4 Rh7 44. f4+ Kf3 45. Rxa3 Rxh4 46. Kc2+
Kxf4 47. Kd1 Rh1+ 48. Ke2 Kg4 49. Kf2 Rh2+ 50. Kg1 Rd2 51. Ra4+ f4 52. Ra3 f3
53. Ra8 1/2-1/2

[Event "Jack Taylor mem Online"]
[Site "chess.com"]
[Date "2020.10.25"]
[Round "6.3"]
[White "Pangilinan, Emmanuel"]
[Black "Pitre, Hanniegn"]
[Result "1/2-1/2"]
[WhiteElo "1531"]
[BlackElo "1864"]
[PlyCount "113"]
[EventDate "2020.10.24"]
[EventType "swiss (rapid)"]
[EventRounds "6"]
[EventCountry "CAN"]

1. e4 d5 2. exd5 Nf6 3. Bc4 Nxd5 4. Nc3 c6 5. d3 e6 6. f4 Bb4 7. Bd2 O-O 8. Nf3
Nd7 9. a3 Bxc3 10. bxc3 Qf6 11. Bxd5 exd5 12. O-O Re8 13. d4 c5 14. Re1 Rxe1+
15. Qxe1 Nf8 16. Ne5 Bf5 17. Rc1 cxd4 18. cxd4 Rc8 19. c3 h5 20. Qe2 h4 21. Rf1
Ng6 22. Qf3 Rd8 23. g4 Be4 24. Qh3 Nxe5 25. fxe5 Qe7 26. Bc1 g5 27. Rf6 Bg6 28.
Bxg5 Qxa3 29. Rf1 Rc8 30. Bd2 Qb2 31. Qe3 Qc2 32. e6 Qe4 33. exf7+ Bxf7 34.
Qg5+ Qg6 35. Qxh4 Be6 36. g5 Bf5 37. Qf4 Be4 38. h4 Qg7 39. h5 Rf8 40. Qg4
Rxf1+ 41. Kxf1 Qf8+ 42. Kg1 Qf5 43. Qg3 Bd3 44. Qb8+ Qf8 45. Qf4 Qxf4 46. Bxf4
a5 47. Kf2 b5 48. Kg3 b4 49. cxb4 axb4 50. Bc1 Kg7 51. Kf4 b3 52. Ke5 Be4 53.
g6 Bf3 54. h6+ Kxg6 55. Kd6 b2 56. Bxb2 Kxh6 57. Bc1+ 1/2-1/2

[Event "Jack Taylor mem Online"]
[Site "chess.com"]
[Date "2020.10.25"]
[Round "6.4"]
[White "Jayawardena, Dinusha"]
[Black "Luu, Tran Nguyen Khoi"]
[Result "1/2-1/2"]
[WhiteElo "1601"]
[BlackElo "1776"]
[PlyCount "149"]
[EventDate "2020.10.24"]
[EventType "swiss (rapid)"]
[EventRounds "6"]
[EventCountry "CAN"]

1. d4 Nf6 2. Bg5 d5 3. Bxf6 gxf6 4. g3 c5 5. Bg2 e6 6. Nf3 Nc6 7. c3 Qb6 8. Qb3
c4 9. Qxb6 axb6 10. Nbd2 b5 11. e4 b4 12. exd5 exd5 13. O-O Be6 14. Rfe1 Kd7
15. Nb1 b5 16. a3 bxa3 17. Nxa3 b4 18. Nc2 Be7 19. Ne3 f5 20. Nd2 h5 21. Nxd5
Rag8 22. Nxc4 h4 23. Nxe7 Nxe7 24. Ne5+ Kc8 25. Ra8+ Kc7 26. Rxg8 Rxg8 27. cxb4
f4 28. b5 hxg3 29. Nxf7 Kd7 30. Ne5+ Kc7 31. hxg3 fxg3 32. Nf7 Kd7 33. Bc6+
Nxc6 34. bxc6+ Ke7 35. Ne5 gxf2+ 36. Kxf2 Kd6 37. b4 Rb8 38. Rb1 Rb5 39. Ke3
Bd5 40. Kd3 Bxc6 41. Nxc6 Kxc6 42. Kc4 Rb8 43. b5+ Kb6 44. d5 Rh8 45. Rd1 Rc8+
46. Kb4 Rc5 47. Rh1 Rxd5 48. Rh6+ Kb7 49. Ka5 Rd1 50. Rh7+ Kb8 51. Ka6 Rd8 52.
Re7 Rf8 53. Rb7+ Ka8 54. Ra7+ Kb8 55. Rg7 Rh8 56. Rb7+ Ka8 57. Ra7+ Kb8 58. Rg7
Rf8 59. Rg6 Rh8 60. b6 Ka8 61. Rg7 Kb8 62. Rb7+ Ka8 63. Rc7 Kb8 64. Rf7 Ka8 65.
Kb5 Kb8 66. Rd7 Kc8 67. Ra7 Kb8 68. Kc5 Rh5+ 69. Kb4 Rh4+ 70. Ka5 Rh1 71. Rg7
Ra1+ 72. Kb4 Rb1+ 73. Kc5 Rc1+ 74. Kb5 Rb1+ 75. Kc6 1/2-1/2

[Event "Jack Taylor mem Online"]
[Site "chess.com"]
[Date "2020.10.25"]
[Round "6.5"]
[White "Zhou, Alex"]
[Black "Koukpari, Tiam"]
[Result "0-1"]
[WhiteElo "1232"]
[BlackElo "1700"]
[PlyCount "74"]
[EventDate "2020.10.24"]
[EventType "swiss (rapid)"]
[EventRounds "6"]
[EventCountry "CAN"]

1. e4 c5 2. Nf3 Nc6 3. Nc3 d6 4. Bb5 e5 5. O-O Be7 6. d3 Nf6 7. Bg5 O-O 8. Bxf6
Bxf6 9. Bc4 a6 10. h3 Rb8 11. a4 Bd7 12. Nd5 b5 13. axb5 axb5 14. Bb3 Be6 15.
Nxf6+ Qxf6 16. Bxe6 Qxe6 17. Ra6 Rfc8 18. Qa1 Nb4 19. Ra7 Nxc2 20. Qc1 Nd4 21.
Nxd4 exd4 22. Qf4 c4 23. Rc1 cxd3 24. Rxc8+ Rxc8 25. Ra3 g6 26. Rxd3 Qe5 27.
Qd2 Qxe4 28. Rxd4 Rc1+ 29. Qxc1 Qxd4 30. Qc3 Qxc3 31. bxc3 f5 32. f4 Kf7 33.
Kf2 Ke6 34. Ke3 Kd5 35. Kd3 h5 36. g3 Kc5 37. h4 d5 0-1

[Event "Jack Taylor mem Online"]
[Site "chess.com"]
[Date "2020.10.25"]
[Round "6.6"]
[White "Sleypen, Curtis"]
[Black "Haines, Duncan"]
[Result "0-1"]
[WhiteElo "1570"]
[BlackElo "1875"]
[PlyCount "63"]
[EventDate "2020.10.24"]
[EventType "swiss (rapid)"]
[EventRounds "6"]
[EventCountry "CAN"]

1. d4 d5 2. Bf4 Nf6 3. Nf3 e6 4. e3 Bd6 5. Bg3 O-O 6. Bd3 c5 7. c3 Nc6 8. O-O
b6 9. Bh4 Bb7 10. Nbd2 e5 11. dxe5 Nxe5 12. Nxe5 Bxe5 13. Nf3 Bd6 14. Qc2 h6
15. Rad1 g5 16. Nxg5 hxg5 17. Bxg5 Be7 18. h4 Qc7 19. Bf5 Ne4 20. Bh6 Rfd8 21.
Qe2 Bf8 22. Qg4+ Kh8 23. Bxf8 Rxf8 24. Qh5+ Kg7 25. Qh7+ Kf6 26. g4 Rh8 27. g5+
Ke7 28. Qg7 Rag8 29. Rxd5 Rxg7 30. Rd7+ Qxd7 31. Bxd7 Kxd7 32. Rd1+ 0-1

[Event "Jack Taylor mem Online"]
[Site "chess.com"]
[Date "2020.10.25"]
[Round "6.7"]
[White "Ingram, Richard"]
[Black "Qiu, Andrew Yu"]
[Result "0-1"]
[WhiteElo "1347"]
[BlackElo "1662"]
[PlyCount "102"]
[EventDate "2020.10.24"]
[EventType "swiss (rapid)"]
[EventRounds "6"]
[EventCountry "CAN"]

1. e4 e5 2. Nf3 Nc6 3. Bb5 a6 4. Ba4 Nf6 5. O-O Be7 6. Re1 b5 7. Bb3 O-O 8. a4
Bb7 9. d3 d6 10. a5 Kh8 11. Nbd2 Na7 12. Nf1 c5 13. Bd2 Nc6 14. Ne3 b4 15. Nc4
Nd7 16. c3 f5 17. exf5 Rxf5 18. Bc2 Rf8 19. d4 exd4 20. cxd4 cxd4 21. Qe2 Nde5
22. Ncxe5 Nxe5 23. Nxe5 dxe5 24. Qxe5 Bh4 25. g3 Bf6 26. Qe2 Qd7 27. Be4 Rae8
28. f3 d3 29. Qxd3 Qxd3 30. Bxd3 Bd4+ 31. Kg2 Rb8 32. Be4 Bxe4 33. Rxe4 Bxb2
34. Rb1 Bc3 35. Bf4 Rb5 36. Bd6 Rd8 37. Rc4 h6 38. Rc6 Rxa5 39. Rb6 Ra2+ 40.
Kh3 a5 41. Ra6 Ra3 42. Bc7 Rd5 43. g4 a4 44. Ra8+ Kh7 45. Ba5 Rb3 46. Rc1 Be5
47. Rcc8 Rb2 48. Rh8+ Kg6 49. Ra6+ Rd6 50. Rxd6+ Bxd6 51. g5 Kh5 0-1

[Event "Jack Taylor mem Online"]
[Site "chess.com"]
[Date "2020.10.25"]
[Round "6.8"]
[White "Qiu, Peter Yong"]
[Black "Yang, Jingyun (Ryan)"]
[Result "1-0"]
[WhiteElo "1358"]
[BlackElo "1642"]
[PlyCount "61"]
[EventDate "2020.10.24"]
[EventType "swiss (rapid)"]
[EventRounds "6"]
[EventCountry "CAN"]

1. e4 e5 2. Nf3 Nc6 3. Bb5 a6 4. Ba4 Bc5 5. Nxe5 Qh4 6. O-O Nxe5 7. d4 Ng4 8.
h3 Bd6 9. e5 Nxe5 10. dxe5 Bxe5 11. Qe2 Qe7 12. Re1 Bf6 13. Qd1 Be5 14. f4 Qc5+
15. Kh1 Ne7 16. Rxe5 Qd6 17. Qxd6 cxd6 18. Re2 b5 19. Bb3 Kf8 20. Nc3 Nf5 21.
Kh2 Bb7 22. Be3 Re8 23. Rae1 Nh4 24. Bd5 Bc6 25. Bc5 Re6 26. Bxd6+ Ke8 27. Bxe6
dxe6 28. Rd1 h6 29. Red2 g5 30. Bc5 Bxg2 31. Rd8# 1-0